书目信息 |
| 书名: | Listening tasks | |
| 作者: | Sandra Schecter, adapter. | |
| 分册号: | ||
| 分册名: | 出版地: | Cambridge [England] ; |
|
| 出版社: | Cambridge University Press | |
| 出版时间: | 1984. | |
| 页数: | 2 v. : | |
| 开本: | 26 cm. + | |
| 丛书名: | ||
| 中图分类号: | ||
| 科图分类号: | ||
| 其他分类号: | H319.9 | |
| 主题词: | ||
| 电子资源: | ||
| 000 | 01217cam 2200301Ia 4504 | |
| 001 | E0758211819 | |
| 003 | OCoLC | |
| 005 | 20070207161244.39 | |
| 008 | 860311s1984 enka 000 0 eng d | |
| 020 | @a052127897X (pbk. : teacher's manual). | |
| 020 | @a0521262585 (cassette). | |
| 020 | @a0521278988 (pbk. : student's book). | |
| 040 | @aNRM@cNRM | |
| 090 | @aJ698.5/W1.1 | |
| 090 | @aH319.9 | |
| 099 | @dH319.9@ex5 | |
| 100 | 1 | @aSchecter, Sandra R. |
| 245 | 10 | @aListening tasks :@bfor intermediate students of American English : student's book / @cSandra Schecter, adapter. |
| 260 | @aCambridge [England] ;@aNew York :@bCambridge University Press,@c1984. | |
| 300 | @a2 v. :@bill. ;@c26 cm. +@e1 sound cassette. | |
| 500 | @aBased on: Task listening / by Lesley Blundell and Jackie Stokes. Cambridge : Cambridge University Press, 1981. | |
| 505 | 0 | @aTeacher's manual and answer key -- Student's book. |
| 650 | 0 | @aEnglish language@xStudy and teaching@xForeign speakers. |
| 650 | 0 | @aEnglish language@xComposition and exercises. |
| 650 | 0 | @aListening. |
| 700 | 1 | @aBlundell, Lesley.@tTask listening. |
| 700 | 1 | @aStokes, Jackie.@tTask listening. |
| 920 | @a232010@z2 | |
| Listening tasks : : for intermediate students of American English : student's book / / Sandra Schecter, adapter.-Cambridge [England] ; ; New York : : Cambridge University Press, , 1984. |
| 2 v. : : ill. ; ; 26 cm. + + 1 sound cassette. |
| Based on: Task listening / by Lesley Blundell and Jackie Stokes. Cambridge : Cambridge University Press, 1981.-Teacher's manual and answer key -- Student's book. |
| ISBN 052127897X (pbk. : teacher's manual). |
| ● |
| 相关链接 |
|
|
|
|
正题名:Listening tasks
索取号:H319.9/x5
 
预约/预借
| 序号 | 登录号 | 条形码 | 馆藏地/架位号 | 状态 | 备注 |
| 1 | 181185 | 000435372 | 第四借阅区/ [索取号:H319.9/x5] | 在馆 | |
| 2 | 181186 | 000435381 | 第四借阅区/ [索取号:H319.9/x5] | 在馆 | |
| 3 | 181187 | 000435390 | 第四借阅区/ [索取号:H319.9/x5] | 在馆 | |
| 4 | 181188 | 000435407 | 第四借阅区/ [索取号:H319.9/x5] | 在馆 | |
| 5 | 181189 | 000436291 | 第四借阅区/ [索取号:H319.9/x5] | 在馆 | |
| 6 | 181190 | 000436308 | 第四借阅区/ [索取号:H319.9/x5] | 在馆 | |
| 7 | 181191 | 000436317 | 第四借阅区/ [索取号:H319.9/x5] | 在馆 | |
| 8 | 181192 | 000435425 | 第四借阅区/ [索取号:H319.9/x5] | 在馆 | |
| 9 | 181193 | 000435434 | 第四借阅区/ [索取号:H319.9/x5] | 在馆 | |
| 10 | 181194 | 000435443 | 第四借阅区/ [索取号:H319.9/x5] | 在馆 |